Administrative approaches to staff development in public welfare agencies, (Record no. 34806)

MARC details
000 -LEADER
fixed length control field 01093cam a2200265 4500
001 - CONTROL NUMBER
control field hew68000129
003 - CONTROL NUMBER IDENTIFIER
control field DLC
005 - DATE AND TIME OF LATEST TRANSACTION
control field 20260227111517.0
008 - FIXED-LENGTH DATA ELEMENTS--GENERAL INFORMATION
fixed length control field 690619s1968 dcu 000 0 eng c
010 ## - LIBRARY OF CONGRESS CONTROL NUMBER
LC control number hew68000129
040 ## - CATALOGING SOURCE
Original cataloging agency U.S. Dept. of Health, Education and Welfare. Library HV40.T23
Transcribing agency DLC
Modifying agency DLC
050 00 - LIBRARY OF CONGRESS CALL NUMBER
Classification number HV40
Item number .T38
082 00 - DEWEY DECIMAL CLASSIFICATION NUMBER
Classification number 353.007
100 1# - MAIN ENTRY--PERSONAL NAME
Personal name Taylor, Eleanor Kendrick.
245 10 - TITLE STATEMENT
Title Administrative approaches to staff development in public welfare agencies,
Statement of responsibility, etc. by Eleanor K. Taylor, Eulene Hawkins, and Hilda P. Tebow.
260 ## - PUBLICATION, DISTRIBUTION, ETC.
Place of publication, distribution, etc. [Washington]
Name of publisher, distributor, etc. U.S. Dept. of Health, Education, and Welfare, Social and Rehabilitation Service; [for sale by the Supt. of Docs., U.S. Govt. Print. Off.]
Date of publication, distribution, etc. 1968.
300 ## - PHYSICAL DESCRIPTION
Extent vi, 23 p.
Dimensions 23 cm.
350 ## - PRICE (NR) (BK AM CF MU VM SE) [OBSOLETE]
Price 0.25
650 #0 - SUBJECT ADDED ENTRY--TOPICAL TERM
Topical term or geographic name entry element Public welfare
Geographic subdivision United States.
650 #0 - SUBJECT ADDED ENTRY--TOPICAL TERM
Topical term or geographic name entry element Employees
General subdivision Training of.
700 1# - ADDED ENTRY--PERSONAL NAME
Personal name Hawkins, Eulene,
Relator term joint author.
700 1# - ADDED ENTRY--PERSONAL NAME
Personal name Tebow, Hilda Pauline,
Dates associated with a name 1912-
Relator term joint author.
710 1# - ADDED ENTRY--CORPORATE NAME
Corporate name or jurisdiction name as entry element United States.
Subordinate unit Social and Rehabilitation Service.
740 0# - ADDED ENTRY--UNCONTROLLED RELATED/ANALYTICAL TITLE
Uncontrolled related/analytical title Staff development in public welfare agencies.

No items available.

Powered by Koha